| 000 | 01005nam a22001817a 4500 | ||
|---|---|---|---|
| 008 | 110613t xxu||||| |||| 00| 0 eng d | ||
| 010 | _aSCCAF35 | ||
| 245 | _aSupreme Court Civil Application No. 12 OF 2008 (EXPARTE) G. Afaro Vs Uganda Breweries LTD | ||
| 260 | _c2008 | ||
| 500 | _aCoram: G.M. Okello, JSC | ||
| 500 | _aArising from SCC Application No.11 of 2008; ASCCA No. 04/2008 | ||
| 999 |
_c2811 _d2811 |
||